000 01139nam a2200337 i 4500
001 11449
003 KOSZ 005
005 20220321141214.0
008 070620s1969 pl a f 001 0 pol
015 _aPB 1969/2014
040 _aWA N
_cKOSZ 005/RW
_dKOSZ 005/RW
_dKOSZ 005/HR
046 _k1969
080 _a62-5
080 _a621.6
100 1 _aChorowski, Bohdan
_d(1926-2012)
_eAutor
245 1 0 _aMechaniczne urządzenia automatyki /
_cB. Chorowski, M. Werszko.
260 _aWarszawa :
_bWydawnictwa Naukowo-Techniczne,
_c1969.
300 _a364, [3] s., [1] k. tabl. :
_bil., err. ;
_c25 cm.
380 _aKsiążki
388 _a1901-2000
388 _a1945-1989
504 _aBibliogr. s. 359-[360]. Indeks.
650 4 _aAutomatyka
650 4 _aMaszyny i urządzenia hydrauliczne
650 4 _aPneumatyka
658 _aInżynieria i technika
700 1 _aWerszko, Mirosław
_eAutor
710 2 _aWydawnictwa Naukowo-Techniczne
_4pbl.
856 _uhttp://koha.tu.koszalin.pl/cgi-bin/koha/opac-detail.pl?biblionumber=11449
_yKatalog online BPK
942 _2UKD
_cKS
999 _c11449
_d11449